|
|
|
|
| LEADER |
00000nam0a2200000 4500 |
| 001 |
340120 |
| 005 |
20231102005215.0 |
| 035 |
|
|
|a (RuTPU)RU\TPU\book\366704
|
| 090 |
|
|
|a 340120
|
| 100 |
|
|
|a 20180216d1920 m y0rusy50 ca
|
| 101 |
0 |
|
|a rus
|
| 102 |
|
|
|a RU
|
| 105 |
|
|
|a f z 000zy
|
| 200 |
1 |
|
|a Зачем нужна и как может быть устроена проходная баня в городе и в деревне
|
| 210 |
|
|
|a Москва
|c Комитет памяти В. М. Бонч-Бруевича (Величкиной)
|d 1920
|
| 215 |
|
|
|a 8 с.
|e 11 вкл. л. черт.
|
| 606 |
|
|
|a Бани
|x Проекты и чертежи
|2 stltpush
|3 (RuTPU)RU\TPU\subj\28041
|9 51655
|
| 610 |
1 |
|
|a бани
|
| 610 |
1 |
|
|a деревня
|
| 610 |
1 |
|
|a города
|
| 610 |
1 |
|
|a бочки
|
| 610 |
1 |
|
|a проекты
|
| 675 |
|
|
|a 725.7
|v 4
|
| 801 |
|
1 |
|a RU
|b 63413507
|c 20180216
|
| 801 |
|
2 |
|a RU
|b 63413507
|c 20180216
|g RCR
|
| 942 |
|
|
|c BK
|